Entrenamiento médico en rehabilitación /

Na minha lista:
Detalhes bibliográficos
Autor principal: Horn, Hans-Georg (autor)
Outros Autores: Steinmann, Hans-Jürgen (autor) (autor)
Formato: Livro
Idioma:espanhol
Publicado em: Barcelona, España : Paidotribo, 2005, c2005
Assuntos:
Tags: Adicionar Tag
Sem tags, seja o primeiro a adicionar uma tag!

MARC

LEADER 00000nam^a2200000^a^4500
001 000181182
005 20250521000000.0
009 20260310101922.659
020 |a 84-8019-807-9 
037 |a Acervo ITESO - Biblioteca 
041 |a ESP 
082 |a 617. 03  |b HOR 
100 |a Horn, Hans-Georg  |e (autor) 
245 1 0 |a Entrenamiento médico en rehabilitación /  |c H.G. Horn, H.J. Steinmann ; tr. por Gemma Perramon. 
264 4 |a Barcelona, España :  |b Paidotribo,  |c 2005, c2005 
300 |a 365 p. 
336 |a texto  |b txt  |2 rdacontenido 
337 |a sin mediación  |b n  |2 rdamedio 
338 |a volumen  |b nc  |2 rdasoporte 
500 |a Traducción de: Medizinische Aufbautraining 
649 |a XX 
650 |a Rehabilitación -  |x Prácticas Profesionales 
650 |a Médicos -  |x Prácticas Profesionales 
650 |a Enfermería -  |x Prácticas Profesionales 
650 |a Rehabilitación -  |x Equipo y Aparatos 
650 |a Músculos 
650 |a Extremidades (Anatomía) 
650 |a Columna Vertebral 
650 |a Hidroterapia 
650 |a Fisioterapia 
650 |a Ejercicio Físico 
650 |a Educación Física -  |x Estudio y Enseñanza 
650 |a Gimnasia Médica 
650 |a Terapéutica Fisiológica 
650 |a Rehabilitación 
650 |a Relación Médico-Paciente 
650 |a Medicina 
700 |a Steinmann, Hans-Jürgen  |e (autor) 
910 |a Fondo General 
920 |a Impresos - Libros 
930 |a Colección General 
905 |a 101 
901 |a 0500120965  |b IT1  |c ACC  |u 20250521 
901 |a 0500122740  |b IT1  |c ACC  |u 20250521 
902 |a https://opac.biblio.iteso.mx/vufind/Record/000181182